01442cam a2200289 a 4500999001500000001000900015003000400024005001700028008004100045010001700086020003100103040001300134042000800147050002200155082002100177100002300198245004800221260003800269300002100307504005300328505050600381650003500887650005000922906004500972942001201017952012301029 c4579d457916701676OSt20181210155718.0110322s2011 cau b 000 0 eng  a 2011011728 a9780830758715 (hard cover) aDLCcDLC apcc00aBV4330b.W75 201100a259.6222bW947H1 aWright, H. Norman.10aHelping those in grief /cH. Norman Wright. aVentura, Calif. :bRegal,cc2011. a256 p. ;c24 cm. aIncludes bibliographic references (p. [253]-256)0 aShattered dreams: the beginning of a journey of grief -- Case studies: what would you say or do? -- The world of grief -- Models of grief -- The variations and complications of grief -- Handling relief in grief -- Types of death: sudden and anticipatory -- When grief continues: problems in grieving and recovery -- How to begin the initial session with a grieving person -- The family in grief -- Helping grievers move on in life -- Grief coaching -- Verbatim transcripts of live counseling sessions. 0aChurch work with the bereaved. 0aBereavementxReligious aspectsxChristianity. a7bcbccorignewd1eecipf20gy-gencatlg 2ddccBK 00102ddc40718NFICaHMCbHMCcGENd2018-12-10g1000.00l0o259.6 W947Hp005240r2018-12-10 00:00:00w2018-12-10yBK